Chaîne de mots "Marques" #1 Facile - Statistiques

Statistiques générales
  • Ce quiz a été pris 1 827 fois
  • Le résultat moyen est 22 sur 30
Statistiques - réponses
Questions Marques % Correct
Earth ou Chrome par exemple Google
91%
Marque d'enceinte en 3 lettres ou 8 lettres (mais ce dernier est aussi un archipel) JBL / Marshall
91%
Elle peut être 64, DS, Gamecube, Switch, Wii, etc Nintendo
91%
La marque de brosse a dents recommandée par les experts Oral-B
91%
3 barres parallèles pour cette marque de sport Adidas
90%
Un concurrent direct de McDonalds Burger King
89%
La référence suédoise pour l'ameublement IKEA
87%
Elon Musk la possède Tesla
85%
Steve Jobs l'a fondée Apple
84%
Ville française commercialisant mondialement de l'eau Evian
84%
Logo crée par Mark Zuckerberg Facebook
84%
Chaîne hôtelière en 4 lettres Ibis
84%
Soda utilisant des fruits pendant leurs pubs Oasis
83%
Equipementier national français dont l'animal est l'emblème de la France Le Coq Sportif
81%
Marque suisse de montre Rolex
81%
Géant sud-coréen de la téléphonie Samsung
81%
Le cheval cabré Ferrari
78%
A l'école on les appelle "surligneurs" Stabilo
77%
Boisson alcoolisée du sud de la France, prénommé Paul Ricard
70%
Entreprise chinoise fabricant le RedMi Xiaomi
69%
Type de chaussure ou barre chocolatée, les deux ont une prononciation proche Sneakers / Snickers
66%
Shampooing en 3 lettres DOP
63%
Enseigne française connue en cosmétique et parfum Sephora
63%
Marque d'ordinateur en 4 lettres mais ce n'est pas Asus Acer
57%
On l'utilise pour nettoyer sa voiture par exemple Karcher
57%
Vodka très consommée Poliakov
56%
Marque de chips Vico
53%
Marque de vêtement dont le nom sonne comme un signe du zodiaque Gemo
45%
Marque de vodka russe dont le nom ressemble a celui de Smirnoff avec le même nombre de lettre Eristoff
35%
La pétanque marseillaise Obut
23%
Aucun quiz correspondant
Distribution des résultats
% des personnes avec chaque résultat
Percentile par nombre de réponses
Votre historique - résultats
Vous n’avez pas pris ce quiz